[Event "TUR-chT"]
[Site "Konya"]
[Date "2012.07.14"]
[Round "4"]
[White "Keskin, Suara"]
[Black "Firat, Deniz"]
[Result "0-1"]
[WhiteElo "1718"]
[BlackElo "1657"]
[PlyCount "110"]
[EventDate "2012.07.11"]
[EventType "team-tourn"]
[EventRounds "13"]
[EventCountry "TUR"]
[SourceTitle "CBM 149 Extra"]
[Source "ChessBase"]
[SourceDate "2012.08.24"]
[SourceVersion "1"]
[SourceVersionDate "2012.08.24"]
[SourceQuality "1"]
[WhiteTeam "Ceyhan Belediye"]
[BlackTeam "Istanbul Aquamatch"]
[WhiteTeamCountry "TUR"]
[BlackTeamCountry "TUR"]

1. Nf3 Nf6 2. g3 g6 3. Bg2 Bg7 4. 0-0 0-0 5. d3 d5 6. Nbd2 c6 7. e4 Bg4 8. h3 Bxf3 9. Qxf3 Nbd7 10. Qe2 e5 11. Nf3 Re8 12. Nh2 Rc8 13. h4 b5 14. Bh3 Rc7 15. g4 Nc5 16. Bg5 dxe4 17. dxe4 Ncxe4 18. Rad1 Qb8 19. Bc1 Nc5 20. g5 Nh5 21. Rfe1 Ne6 22. Qe4 Nef4 23. Bxf4 Nxf4 24. Bd7 Re7 25. Bg4 h5 26. Bf3 Qb6 27. Re3 Bf8 28. Nf1 Re6 29. b4 a5 30. a3 axb4 31. axb4 Ra7 32. c3 Ra3 33. Bg2 Nd5 34. Rxd5 cxd5 35. Qxd5 Bd6 36. Bh3 Re7 37. Ng3 Ra1+ 38. Bf1 Kg7 39. Ne4 Bb8 40. Nc5 Qd6 41. Qf3 Ba7 42. Rd3 Qc7 43. Ne4 Re6 44. Nf6 Qc6 45. Ne4 Re1 46. Qf6+ Rxf6 47. gxf6+ Kh6 48. Rd8 g5 49. hxg5+ Kg6 50. Rg8+ Kf5 51. g6 Qxe4 52. gxf7 Qf3 53. Kh2 Rxf1 54. Rg2 Rxf2 55. Rxf2 Bxf2 0-1

[Event "EU-ch U14 Girls"]
[Site "Albena"]
[Date "2011.09.11"]
[Round "1"]
[White "Kiseleva, Arina"]
[Black "Keskin, Suara"]
[Result "0-1"]
[WhiteElo "1915"]
[BlackElo "1713"]
[PlyCount "62"]
[EventDate "2011.09.11"]
[EventType "swiss"]
[EventRounds "9"]
[EventCountry "BUL"]
[SourceTitle "CBM 144 Extra"]
[Source "ChessBase"]
[SourceDate "2011.10.28"]
[SourceVersion "1"]
[SourceVersionDate "2011.10.28"]
[SourceQuality "1"]

1. d4 g6 2. c4 Bg7 3. Nf3 d6 4. Nc3 c6 5. e4 Qc7 6. Be2 Nd7 7. 0-0 Ngf6 8. Re1 0-0 9. Bf1 e5 10. d5 a5 11. Rb1 Nc5 12. Qc2 Re8 13. a3 Qe7 14. b4 axb4 15. axb4 Ncxe4 16. Nxe4 Nxe4 17. Rxe4 Bf5 18. dxc6 bxc6 19. Bd3 Bxe4 20. Bxe4 Rac8 21. b5 d5 22. Bg5 Qf8 23. Bd3 e4 24. b6 exf3 25. b7 Rb8 26. cxd5 cxd5 27. Bf4 Be5 28. Bxe5 Rxe5 29. Ba6 Qd6 30. Rc1 Qxa6 31. Qc8+ Re8 0-1

[Event "TUR-chT"]
[Site "Konya"]
[Date "2011.07.07"]
[Round "11"]
[White "Keskin, Suara"]
[Black "Ustundag, Nefise Melis"]
[Result "1-0"]
[WhiteElo "1693"]
[BlackElo "1695"]
[PlyCount "62"]
[EventDate "2011.06.28"]
[EventType "team-swiss"]
[EventRounds "13"]
[EventCountry "TUR"]
[SourceTitle "CBM 143 Extra"]
[Source "ChessBase"]
[SourceDate "2011.08.29"]
[SourceVersion "1"]
[SourceVersionDate "2011.08.29"]
[SourceQuality "1"]
[WhiteTeam "Yapi Kredi"]
[BlackTeam "Deniz Genclik"]
[WhiteTeamCountry "TUR"]
[BlackTeamCountry "TUR"]

1. e4 e5 2. Nf3 Nc6 3. Bc4 Bc5 4. 0-0 d6 5. c3 Be6 6. Bxe6 fxe6 7. d4 exd4 8. cxd4 Bb6 9. d5 exd5 10. exd5 Nce7 11. Ng5 Ng6 12. Re1+ Ne5 13. Ne6 Qf6 14. Qa4+ Kf7 15. Be3 Ne7 16. Nc3 Rhc8 17. Ne4 Qg6 18. Nf4 Qh6 19. Nd3 Bxe3 20. Nxe5+ dxe5 21. Rxe3 Kg8 22. Qd7 Ng6 23. Rc1 Nf8 24. Qb5 Qb6 25. Qxb6 axb6 26. a3 Ra5 27. d6 Rd5 28. dxc7 Rxc7 29. Nc3 Rd2 30. b4 e4 31. g3 Rd3 1-0

[Event "TUR-chT"]
[Site "Konya"]
[Date "2011.07.06"]
[Round "10"]
[White "Yigit, Aleyna"]
[Black "Keskin, Suara"]
[Result "0-1"]
[WhiteElo "1732"]
[BlackElo "1693"]
[PlyCount "78"]
[EventDate "2011.06.28"]
[EventType "team-swiss"]
[EventRounds "13"]
[EventCountry "TUR"]
[SourceTitle "CBM 143 Extra"]
[Source "ChessBase"]
[SourceDate "2011.08.29"]
[SourceVersion "1"]
[SourceVersionDate "2011.08.29"]
[SourceQuality "1"]
[WhiteTeam "Isek Aquamatch"]
[BlackTeam "Yapi Kredi"]
[WhiteTeamCountry "TUR"]
[BlackTeamCountry "TUR"]

1. e4 d6 2. d4 Nf6 3. Nc3 g6 4. Be3 Bg7 5. f3 0-0 6. Qd2 c6 7. g4 b5 8. Nce2 e5 9. Bh6 Nxe4 10. fxe4 Qh4+ 11. Ng3 Bxh6 12. Qf2 Bxg4 13. h3 Bf4 14. hxg4 Qxg3 15. Ne2 Qxf2+ 16. Kxf2 Bg5 17. c3 Nd7 18. a4 a6 19. Ng3 exd4 20. cxd4 Bf6 21. Ke3 b4 22. Bg2 Rac8 23. Rad1 Rfd8 24. Rhf1 c5 25. Ne2 cxd4+ 26. Nxd4 Bg5+ 27. Ke2 Ne5 28. Bh3 Nc4 29. Nf3 Nxb2 30. Nxg5 Nxd1 31. Rxd1 b3 32. Rb1 Rc3 33. Nf3 Rdc8 34. Rf1 Rc1 35. Rxc1 Rxc1 36. Nd2 b2 37. Bf1 Rc2 38. Kd1 Rxd2+ 39. Kxd2 b1Q 0-1

[Event "TUR-chT"]
[Site "Konya"]
[Date "2011.07.04"]
[Round "8"]
[White "Bal, Sevgican"]
[Black "Keskin, Suara"]
[Result "1-0"]
[WhiteElo "1610"]
[BlackElo "1693"]
[PlyCount "73"]
[EventDate "2011.06.28"]
[EventType "team-swiss"]
[EventRounds "13"]
[EventCountry "TUR"]
[SourceTitle "CBM 143 Extra"]
[Source "ChessBase"]
[SourceDate "2011.08.29"]
[SourceVersion "1"]
[SourceVersionDate "2011.08.29"]
[SourceQuality "1"]
[WhiteTeam "Celikkol Turizm Pamukkale"]
[BlackTeam "Yapi Kredi"]
[WhiteTeamCountry "TUR"]
[BlackTeamCountry "TUR"]

1. d4 g6 2. Nf3 Bg7 3. Bg5 d6 4. Nbd2 Nd7 5. e4 c6 6. c3 Qc7 7. Bc4 Ngf6 8. 0-0 0-0 9. Re1 e5 10. Bb3 h6 11. Bh4 Re8 12. dxe5 dxe5 13. Nc4 Re6 14. a4 Nh5 15. Qc2 Nc5 16. Ba2 a5 17. Rad1 g5 18. Bg3 Nf4 19. Ne3 Rf6 20. Nc4 Be6 21. Bxf4 gxf4 22. b4 axb4 23. cxb4 Bxc4 24. bxc5 Bxa2 25. Qxa2 Re6 26. Qb3 Re7 27. Nh4 Qa5 28. Nf5 Rd7 29. Qh3 Rxd1 30. Rxd1 Qxa4 31. Qg4 Qxd1+ 32. Qxd1 Bf6 33. g3 fxg3 34. hxg3 Bg5 35. Qd6 f6 36. Qe7 Ra1+ 37. Kg2 1-0

[Event "World School-ch U13 Girls 7th"]
[Site "Krakow"]
[Date "2011.05.03"]
[Round "4"]
[White "Keskin, Suara"]
[Black "Gal, Hanna Krisztina"]
[Result "0-1"]
[WhiteElo "1693"]
[BlackElo "1812"]
[PlyCount "83"]
[EventDate "2011.04.30"]
[EventType "swiss"]
[EventRounds "9"]
[EventCountry "POL"]
[SourceTitle "CBM 142 Extra"]
[Source "ChessBase"]
[SourceDate "2011.06.27"]
[SourceVersion "1"]
[SourceVersionDate "2011.06.27"]
[SourceQuality "1"]

1. Nf3 d5 2. g3 Bg4 3. Bg2 Nd7 4. d4 e6 5. 0-0 Bd6 6. c4 c6 7. c5 Bc7 8. b4 Ne7 9. e3 0-0 10. Nc3 e5 11. Qb3 Kh8 12. b5 Ng6 13. h3 Bxf3 14. Bxf3 Qf6 15. Qd1 Rfe8 16. Bg2 Ndf8 17. Bb2 exd4 18. exd4 Ne6 19. bxc6 bxc6 20. Ne2 Nxc5 21. dxc5 Qxb2 22. Nd4 Be5 23. Nxc6 Qxa1 24. Qxa1 Bxa1 25. Rxa1 Ne7 26. Nd4 Rac8 27. Rc1 g6 28. g4 a6 29. c6 Rc7 30. Bf1 Ra8 31. Kg2 h6 32. Rc5 g5 33. Be2 Raa7 34. Bf3 Nxc6 35. Rxd5 Re7 36. Be4 f6 37. Rd6 Ne5 38. Rxf6 Nf7 39. Rg6 Nd6 40. Bc2 Ra8 41. Ba4 Ne4 42. Rxa6 0-1